1780 1254 1452 1053 1050 1890 1630 1283 1556 1811 1015 1631 1489 1587 1675 1427 1294 1818 1426 1054 1375 1365 1512 1193 1068 1862 1137 1803 1241 1066 1704 1370 1175 1745 1058 1077 1743 1439 1091 1323 1637 1242 1678 1400 1434 1836 1961 1136 1394 1736 1679 1888 1255 1677 1959 1506 1184 1368 1794 1782 1235 1366 1824 1330 1382 1671 1880 1484 1884 1482 1160 1437 1737 1207 1574 1758 1606 1005 1626 1647 1402 1070 1876 1417 1715 1602 1888 1220 1845 1154 1416 1228 1036 1450 1570 1671 1415 1254 1295 BCNSPRNW ULIB Ver.6.0+V

เปลี่ยนเป็นภาษาไทย

Change to English
 แสดงรายละเอียดบรรณานุกรม
  กลับหน้าหลัก

Brief Record : Get Marc (ISO 2709) : E-mail record : QR code < ปิดหน้าต่าง
LEADER : 00000nam 2200000uu 4500
001    13399112476
003     ULIB
008    110818s2550||||th 000 0 tha d
020    9789747706291
050  4 HQ751^bพ264ค 2550
100 0  พรรณพิมล หล่อตระกูล
245 10 คู่มือปรุงรัก ฉบับครอบครัว /^cพรรณพิมล หล่อตระกูล
250    พิมพ์ครั้งที่ 1
260    กรุงเทพฯ :^bHealthToday Education,^c2550
300    160 หน้า
650  7 ควมสัมพันธ์ในครอบครัว
650  7 จิตวิทยาความรัก
945    ^p160^l0^i023156
995    ทศพร
999 ^a ทศพร
รายการนี้ยังไม่มีแท็ก
คุณยังไม่ได้ล็อกอิน คุณสามารถมีกิจกรรมร่วมกับเว็บไซต์ได้ แต่ต้องล็อกอินก่อน ::
  ล็อกอิน

รายการสื่อสารสนเทศ

ลำดับที่ ประเภท เลขเรียก/บาร์โค้ด สถานที่ สถานะ
- ไม่พบข้อมูล -

รายการใกล้เคียง
    ผู้แต่ง [พรรณพิมล หล่อตระกูล]

BibComment


ยังไม่เคยถูกคอมเมนท์

คอมเมนท์ทรัพยากรรายการนี้
  คอมเมนท์: คู่มือปรุงรัก ฉบั..


 Copyright 2026. Bcnsprnw @Library